00653cam a2200241 450000100060000000300080000600500170001400800410003102000150007203500190008704000320010604100080013808200180014610000100016424500690017426000340024330000210027735000110029850400410030965000160035065000140036670000310038021151BD-RjUL20211209000644.0140303s1970 enk b 000 0 eng d a0370003977 a(BD-RjUL)21215 aDLCcDLCdDLCdBD-RjULbeng aeng00a824bNEW 1970 d1920-14aThe New Left: six critical essays /cedited by Maurice Cranston. aLondon :bBodley Head,c1970. a208 p. ;c23 cm. a£1.50 aIncludes bibliographical references. 0aRadicalism. 0aNew left. aCranston, Maurice William,